| 000 | 00857nam a22002057a 4500 | ||
|---|---|---|---|
| 003 | OSt | ||
| 005 | 20250911170626.0 | ||
| 008 | 240223b ||||| |||| 00| 0 eng d | ||
| 040 | _c0 | ||
| 082 | _aDPer 621.317 Ie21 May 2022 v. 37 n. 5 | ||
| 100 |
_aWang, Yao. _eauthor. _953264 |
||
| 245 |
_aReview, analysis, and design of four basic CPT topologies and the application of high-order compensation networks / _cYao Wang, Hua Zhang, and Fei Lu. |
||
| 260 |
_aNew York ; _bThe Institute of Electrical and Electronics Engineers, Inc. , _cMay 2022. |
||
| 300 |
_aVolume 37, pages 6181-6193 : _billustration ; _c28 cm. |
||
| 500 | _aIEEE Transactions on Power Electronics, vol. 37, no. 5,pages 6181-6193, May 2022. | ||
| 700 |
_aWang, Yao. _eauthor. _953264 |
||
| 700 |
_aZhang, Hua. _eauthor. _953265 |
||
| 700 |
_aLu, Fei. _eauthor. _953266 |
||
| 942 |
_2ddc _cPER |
||
| 999 |
_c19342 _d19342 |
||